000 00322nam a2200133Ia 4500
005 20251222141836.0
008 251222s9999||||xx |||||||||||||| ||spa||
020 _a9972-40-219-3
082 _a869.26/C78B
100 _aCortázar, Julio
245 0 _aBestiario - Todos los fuegos el fuego
264 _bPEISA
942 _cLIB
999 _c7272
_d7272